| 000 | 00416nam a2200181Ia 4500 | ||
|---|---|---|---|
| 001 | 12937 | ||
| 005 | 20260306163017.0 | ||
| 008 | 260306t2002||||xx |||||||||||||| ||spa|| | ||
| 041 | _aESP | ||
| 082 |
_aRD 463 _bR31 T. 1 |
||
| 110 | _aReal Academia EspaƱola | ||
| 245 | 0 | _aDiccionario de la lengua espaƱola | |
| 260 | _c2002 | ||
| 300 |
_a _c |
||
| 650 | _aGEN | ||
| 654 | _aCHU | ||
| 942 |
_cDIC _dJUS _fJUS _2ddc _n |
||
| 999 |
_c12937 _d12937 |
||